000 01241nam a22002777a 4500
005 20170324104727.0
008 140714b xxu||||| |||| 00| 0 Urdu d
010 _aUR-8585 B-548288 B-665933
020 _c275.00
_a9789381029411
035 _aU-7140 B-548288B-665933
037 _bBPPD/Publishers/Venders
037 _bDBAD/Pub.
037 _bStar Pub.(Vend.)/Arshia Pub.(Pub.)
040 _aDPL
_bUrdu
082 _a840.8
100 _aغو ث سيو ا نی
245 _aتصو ف ا ور کشمير ی صو فيہ
_cغو ث سيو ا نی
246 _aTasawuf Aur Kashmiri Sufia
_bbyGhaus Siwani
260 _bArshia Publictions
_bStar Publications.( Vender)
_c2012
260 _a4/5Asaf Ali Road,New Delhi-110002
270 _aA-170,Ground Floor, 3,Surya Apartment, Dilshad Colony,
_b دھلی
_e110095
_k9971775969
300 _a456ص
_c22Cm(Pb)
942 _2ddc
_cUR
_mغ و ث
_h 840.8
999 _c87795
_d87795